La Religiosidad barcelonesa y su provincia / por el Dr. Roquer, Pbro
Publicado:
San Jorge, suplement del núm. 23 (juliol 1956), pàg 32 - 33 :
MARC
| LEADER | 00000nam a2200000Ia 4500 | ||
|---|---|---|---|
| 001 | |||
| 008 | 160829s9999 xx 000 0 cat d | ||
| 100 | 1 | |a Roquer, Ramón, |d 1901-1978 |9 56334 | |
| 245 | |a La Religiosidad barcelonesa y su provincia / por el Dr. Roquer, Pbro | ||
| 260 | |a San Jorge, suplement del núm. 23 (juliol 1956), pàg 32 - 33 | ||
| 590 | |a Existeix un duplicat al volum Separates amb R. 17658. | ||
| 650 | |a Religiositat |9 42659 | ||
| 651 | 0 | |a Barcelona (Catalunya : Província) |9 50918 | |
| 901 | |a Arxiu | ||
| 942 | |n 1 | ||
| 952 | |0 0 |1 0 |4 0 |7 1 |9 50967 |a Arxiu |b Arxiu |d 2016-12-01 |l 0 |r 2016-12-01 00:00:00 |w 2016-12-01 |y ARXIU | ||
| 999 | |c 54810 |d 54810 | ||